| Tag |
First Indicator |
Second Indicator |
Subfields |
| LEADER |
00000cas a2200000 4500 |
| 001 |
in00000627649 |
| 005 |
20151015061615.0 |
| 008 |
740205d19742011cauar br 0 a0eng |
| 010 |
|
|
|a 73645432
|
| 015 |
|
|
|a 011844884
|2 dnb
|
| 015 |
|
|
|a GB7709470
|2 bnb
|
| 016 |
7 |
|
|a 303748-4
|2 DE-600
|
| 016 |
7 |
|
|a 009857576
|2 Uk
|
| 016 |
7 |
|
|a 000265988
|2 IsJJNL
|
| 016 |
7 |
|
|a 009539998
|2 Uk
|
| 019 |
|
|
|a 752953
|a 1016990
|a 1716078
|a 2227773
|a 2708363
|a 241310424
|a 499319233
|a 671794315
|
| 022 |
0 |
|
|a 0092-3974
|l 0092-3974
|2 1
|
| 029 |
1 |
|
|a NLGGC
|b 851017452
|
| 029 |
1 |
|
|a YDXCP
|b 2245467
|
| 029 |
1 |
|
|a YDXCP
|b 2101494
|
| 029 |
1 |
|
|a YDXCP
|b 2015549
|
| 029 |
1 |
|
|a YDXCP
|b 1893597
|
| 029 |
1 |
|
|a YDXCP
|b 1797720
|
| 029 |
1 |
|
|a YDXCP
|b 1707808
|
| 029 |
1 |
|
|a YDXCP
|b 1603968
|
| 029 |
1 |
|
|a NZ1
|b 2881984
|
| 029 |
1 |
|
|a AU@
|b 000000907604
|
| 029 |
1 |
|
|a HEBIS
|b 047485949
|
| 035 |
|
|
|a (OCoLC)ocm01788072
|
| 037 |
|
|
|b Dustbooks, inc., P.O. Box 100, Paradise, CA 95967
|
| 040 |
|
|
|a DLC
|b eng
|c DLC
|d NST
|d OCL
|d NST
|d NYG
|d IUL
|d NSD
|d NST
|d DLC
|d WAU
|d SYS
|d GUA
|d CDS
|d NLGGC
|d LVB
|d LCS
|d OCLCQ
|d HEBIS
|d GBVCP
|d UKMGB
|d DLC
|d CUV
|d WAU
|d J9U
|d SMP
|d DLC
|d UtOrBLW
|
| 042 |
|
|
|a pcc
|a nsdp
|
| 049 |
|
|
|a TXAM
|
| 050 |
0 |
0 |
|a Z6944.L5
|b D5
|
| 082 |
0 |
4 |
|a 051/.025
|
| 210 |
0 |
|
|a Int. dir. little mag. small presses
|
| 222 |
|
0 |
|a International directory of little magazines and small presses
|
| 245 |
0 |
0 |
|a International directory of little magazines & small presses.
|
| 264 |
|
1 |
|a [Paradise, Calif.] :
|b [Dustbooks]
|
| 300 |
|
|
|a 38 volumes :
|b illustrations ;
|c 24 cm.
|
| 310 |
|
|
|a Annual
|
| 336 |
|
|
|a text
|b txt
|2 rdacontent
|
| 337 |
|
|
|a unmediated
|b n
|2 rdamedia
|
| 338 |
|
|
|a volume
|b nc
|2 rdacarrier
|
| 362 |
0 |
|
|a 9th-46th ed.; 1973/74-2010/2011.
|
| 530 |
|
|
|a Also available online.
|
| 580 |
|
|
|a Continued online and in CD-ROM format with the same title.
|
| 650 |
|
0 |
|a Little magazines
|v Directories.
|
| 650 |
|
0 |
|a Small presses
|v Directories.
|
| 650 |
|
1 |
|a Little presses
|x Directories.
|
| 653 |
|
|
|a Little magazines in English
|a Directories
|
| 653 |
|
|
|a Publishing
|a Little presses
|a Directories
|
| 776 |
0 |
8 |
|i Online version:
|t International directory of little magazines & small presses
|w (OCoLC)570782570
|
| 780 |
0 |
0 |
|t Directory of little magazines and small presses
|x 0363-2016
|w (DLC) 72626399
|w (OCoLC)3829820
|
| 785 |
0 |
0 |
|t International directory of little magazines & small presses
|w (DLC) 2012210602
|w (OCoLC)774599494
|
| 850 |
|
|
|a AAP
|a CSt-H
|a CU-I
|a CU-RivA
|a CaSRU
|a CoU
|a CtHT
|a DGW
|a DLC
|a FU
|a InU
|a MH
|a MnU
|a N
|a NcRS
|a NjR
|a OkU
|a P
|a TxDaM
|a Vi
|a ViBlbV
|a VtMiM
|a WaU
|
| 891 |
0 |
0 |
|9 853
|8 1
|a +ed.
|i (year/year)
|w a
|
| 891 |
4 |
0 |
|9 863
|8 1.1
|a 9
|i 1973/1974
|
| 994 |
|
|
|a C0
|b TXA
|
| 949 |
|
|
|a updated
|b h
|c 2012/9/21
|e coplinger
|f 2:09:51 pm
|
| 999 |
|
|
|a MARS
|
| 999 |
f |
f |
|s 68393fee-2112-3b54-a967-22fc138403d9
|i 909c9a79-a262-3cf2-a0d5-8f1de4eec492
|t 0
|
| 952 |
f |
f |
|p ric
|a Texas A&M University
|b Rellis Campus
|c Joint Library Facility
|d Remote Storage
|t 0
|e Z6944.L5 D5
|h Library of Congress classification
|i unmediated -- volume
|k 38th ed.
|l 2002/2003
|m A14828649477
|
| 952 |
f |
f |
|p ric
|a Texas A&M University
|b Rellis Campus
|c Joint Library Facility
|d Remote Storage
|t 0
|e Z6944.L5 D5
|h Library of Congress classification
|i unmediated -- volume
|k 39th ed.
|l 2003/2004
|m A14830665691
|
| 952 |
f |
f |
|p ric
|a Texas A&M University
|b Rellis Campus
|c Joint Library Facility
|d Remote Storage
|t 0
|e Z6944.L5 D5
|h Library of Congress classification
|i unmediated -- volume
|k 36th ed.
|l 2000/2001
|m A14826070397
|
| 952 |
f |
f |
|p ric
|a Texas A&M University
|b Rellis Campus
|c Joint Library Facility
|d Remote Storage
|t 0
|e Z6944.L5 D5
|h Library of Congress classification
|i unmediated -- volume
|k 11th ed.
|l 1975/1976
|m A14842625635
|
| 952 |
f |
f |
|p ric
|a Texas A&M University
|b Rellis Campus
|c Joint Library Facility
|d Remote Storage
|t 0
|e Z6944.L5 D5
|h Library of Congress classification
|i unmediated -- volume
|k 37th ed.
|l 2001/2002
|m A14828180766
|
| 952 |
f |
f |
|p ric
|a Texas A&M University
|b Rellis Campus
|c Joint Library Facility
|d Remote Storage
|t 0
|e Z6944.L5 D5
|h Library of Congress classification
|i unmediated -- volume
|k 18th ed.
|l 1982/1983
|m A14842625650
|
| 952 |
f |
f |
|p ric
|a Texas A&M University
|b Rellis Campus
|c Joint Library Facility
|d Remote Storage
|t 0
|e Z6944.L5 D5
|h Library of Congress classification
|i unmediated -- volume
|k 14th ed.
|l 1978/1979
|m A14842625643
|
| 952 |
f |
f |
|p ric
|a Texas A&M University
|b Rellis Campus
|c Joint Library Facility
|d Remote Storage
|t 0
|e Z6944.L5 D5
|h Library of Congress classification
|i unmediated -- volume
|k 16th ed.
|l 1980/1981
|m A14842625866
|
| 952 |
f |
f |
|p ric
|a Texas A&M University
|b Rellis Campus
|c Joint Library Facility
|d Remote Storage
|t 0
|e Z6944.L5 D5
|h Library of Congress classification
|i unmediated -- volume
|k 17th ed.
|l 1981/1982
|m A14842625973
|
| 952 |
f |
f |
|p ric
|a Texas A&M University
|b Rellis Campus
|c Joint Library Facility
|d Remote Storage
|t 0
|e Z6944.L5 D5
|h Library of Congress classification
|i unmediated -- volume
|k 15th ed.
|l 1979/1980
|m A14842625759
|
| 952 |
f |
f |
|p ric
|a Texas A&M University
|b Rellis Campus
|c Joint Library Facility
|d Remote Storage
|t 0
|e Z6944.L5 D5
|h Library of Congress classification
|i unmediated -- volume
|k 27th ed.
|l 1991/1992
|m A14842625999
|
| 952 |
f |
f |
|p ric
|a Texas A&M University
|b Rellis Campus
|c Joint Library Facility
|d Remote Storage
|t 0
|e Z6944.L5 D5
|h Library of Congress classification
|i unmediated -- volume
|k 40th ed.
|l 2004/2005
|m A14831400963
|
| 952 |
f |
f |
|p ric
|a Texas A&M University
|b Rellis Campus
|c Joint Library Facility
|d Remote Storage
|t 0
|e Z6944.L5 D5
|h Library of Congress classification
|i unmediated -- volume
|k 19th ed.
|l 1983/1984
|m A14842625767
|
| 952 |
f |
f |
|p ric
|a Texas A&M University
|b Rellis Campus
|c Joint Library Facility
|d Remote Storage
|t 0
|e Z6944.L5 D5
|h Library of Congress classification
|i unmediated -- volume
|k 30th ed.
|l 1994/1995
|m A14842625783
|
| 952 |
f |
f |
|p ric
|a Texas A&M University
|b Rellis Campus
|c Joint Library Facility
|d Remote Storage
|t 0
|e Z6944.L5 D5
|h Library of Congress classification
|i unmediated -- volume
|k 26th ed.
|l 1990/1991
|m A14842625882
|
| 952 |
f |
f |
|p ric
|a Texas A&M University
|b Rellis Campus
|c Joint Library Facility
|d Remote Storage
|t 0
|e Z6944.L5 D5
|h Library of Congress classification
|i unmediated -- volume
|k 22nd ed.
|l 1986/1987
|m A14842625981
|
| 952 |
f |
f |
|p ric
|a Texas A&M University
|b Rellis Campus
|c Joint Library Facility
|d Remote Storage
|t 0
|e Z6944.L5 D5
|h Library of Congress classification
|i unmediated -- volume
|k 28th ed.
|l 1992/1993
|m A14842626104
|
| 952 |
f |
f |
|p ric
|a Texas A&M University
|b Rellis Campus
|c Joint Library Facility
|d Remote Storage
|t 0
|e Z6944.L5 D5
|h Library of Congress classification
|i unmediated -- volume
|k 25th ed.
|l 1989/1990
|m A14842625775
|
| 952 |
f |
f |
|p ric
|a Texas A&M University
|b Rellis Campus
|c Joint Library Facility
|d Remote Storage
|t 0
|e Z6944.L5 D5
|h Library of Congress classification
|i unmediated -- volume
|k 29th ed.
|l 1993/1994
|m A14842625676
|
| 952 |
f |
f |
|p ric
|a Texas A&M University
|b Rellis Campus
|c Joint Library Facility
|d Remote Storage
|t 0
|e Z6944.L5 D5
|h Library of Congress classification
|i unmediated -- volume
|k 33rd ed.
|l 1997/1998
|m A14842626112
|
| 952 |
f |
f |
|p ric
|a Texas A&M University
|b Rellis Campus
|c Joint Library Facility
|d Remote Storage
|t 0
|e Z6944.L5 D5
|h Library of Congress classification
|i unmediated -- volume
|k 10th ed.
|l 1974/1975
|m A14842625734
|
| 952 |
f |
f |
|p ric
|a Texas A&M University
|b Rellis Campus
|c Joint Library Facility
|d Remote Storage
|t 0
|e Z6944.L5 D5
|h Library of Congress classification
|i unmediated -- volume
|k 12th ed.
|l 1976/1977
|m A14842625742
|
| 952 |
f |
f |
|p ric
|a Texas A&M University
|b Rellis Campus
|c Joint Library Facility
|d Remote Storage
|t 0
|e Z6944.L5 D5
|h Library of Congress classification
|i unmediated -- volume
|k 34th ed.
|l 1998/1999
|m A14842625684
|
| 952 |
f |
f |
|p ric
|a Texas A&M University
|b Rellis Campus
|c Joint Library Facility
|d Remote Storage
|t 0
|e Z6944.L5 D5
|h Library of Congress classification
|i unmediated -- volume
|k 45th ed.
|l 2009/2010
|m A14837485424
|
| 952 |
f |
f |
|p ric
|a Texas A&M University
|b Rellis Campus
|c Joint Library Facility
|d Remote Storage
|t 0
|e Z6944.L5 D5
|h Library of Congress classification
|i unmediated -- volume
|k 31st ed.
|l 1995/1996
|m A14842625890
|
| 952 |
f |
f |
|p ric
|a Texas A&M University
|b Rellis Campus
|c Joint Library Facility
|d Remote Storage
|t 0
|e Z6944.L5 D5
|h Library of Congress classification
|i unmediated -- volume
|k 43rd ed.
|l 2007/2008
|m A14835163759
|
| 952 |
f |
f |
|p ric
|a Texas A&M University
|b Rellis Campus
|c Joint Library Facility
|d Remote Storage
|t 0
|e Z6944.L5 D5
|h Library of Congress classification
|i unmediated -- volume
|k 24th ed.
|l 1988/1989
|m A14842625668
|
| 952 |
f |
f |
|p ric
|a Texas A&M University
|b Rellis Campus
|c Joint Library Facility
|d Remote Storage
|t 0
|e Z6944.L5 D5
|h Library of Congress classification
|i unmediated -- volume
|k 13th ed.
|l 1977/1978
|m A14842625858
|
| 952 |
f |
f |
|p ric
|a Texas A&M University
|b Rellis Campus
|c Joint Library Facility
|d Remote Storage
|t 0
|e Z6944.L5 D5
|h Library of Congress classification
|i unmediated -- volume
|k 23rd ed.
|l 1987/1988
|m A14842626096
|
| 952 |
f |
f |
|p ric
|a Texas A&M University
|b Rellis Campus
|c Joint Library Facility
|d Remote Storage
|t 0
|e Z6944.L5 D5
|h Library of Congress classification
|i unmediated -- volume
|k 20th ed.
|l 1984/1985
|m A14842625874
|
| 952 |
f |
f |
|p ric
|a Texas A&M University
|b Rellis Campus
|c Joint Library Facility
|d Remote Storage
|t 0
|e Z6944.L5 D5
|h Library of Congress classification
|i unmediated -- volume
|k 44th ed.
|l 2008/2009
|m A14837275942
|
| 952 |
f |
f |
|p ric
|a Texas A&M University
|b Rellis Campus
|c Joint Library Facility
|d Remote Storage
|t 0
|e Z6944.L5 D5
|h Library of Congress classification
|i unmediated -- volume
|k 35th ed.
|l 1999/2000
|m A14842625791
|
| 952 |
f |
f |
|p ric
|a Texas A&M University
|b Rellis Campus
|c Joint Library Facility
|d Remote Storage
|t 0
|e Z6944.L5 D5
|h Library of Congress classification
|i unmediated -- volume
|k 46th ed.
|l 2010/2011
|m A14839132637
|
| 952 |
f |
f |
|p ric
|a Texas A&M University
|b Rellis Campus
|c Joint Library Facility
|d Remote Storage
|t 0
|e Z6944.L5 D5
|h Library of Congress classification
|i unmediated -- volume
|k 41st ed.
|l 2005/2006
|m A14831446472
|
| 952 |
f |
f |
|p ric
|a Texas A&M University
|b Rellis Campus
|c Joint Library Facility
|d Remote Storage
|t 0
|e Z6944.L5 D5
|h Library of Congress classification
|i unmediated -- volume
|k 32nd ed.
|l 1996/1997
|m A14842626005
|
| 952 |
f |
f |
|p ric
|a Texas A&M University
|b Rellis Campus
|c Joint Library Facility
|d Remote Storage
|t 0
|e Z6944.L5 D5
|h Library of Congress classification
|i unmediated -- volume
|k 42nd ed.
|l 2006/2007
|m A14833988836
|
| 952 |
f |
f |
|p ric
|a Texas A&M University
|b Rellis Campus
|c Joint Library Facility
|d Remote Storage
|t 0
|e Z6944.L5 D5
|h Library of Congress classification
|i unmediated -- volume
|k 9th ed.
|l 1973/1974
|m A14842625627
|
| 998 |
f |
f |
|a Z6944.L5 D5
|s 22nd-46th ed. (1986/1987-2010/2011)
|t 0
|l Remote Storage
|